000 00831cam a2200277 i 4500
001 000020118
003 DO-SdBNP
005 20230602132509.0
008 700702s2000 dr 000 f spa d
020 _a8481301310
040 _aDO-SdBNP
_bspa
_cBNPHU
_erda
082 4 _a891.73
_bD724j 2000
_222
100 1 _aDostoyevsky, Fyódor,
_d1821-1881
_919889
245 1 3 _aEl jugador /
_cFiódor Dostoievski
264 _aSanto Domingo :
_bEl Siglo,
_c2000.
300 _a200 páginas ;
_c19 cm.
336 _2rdacontent
_atexto
_btxt
337 _2rdamedia
_asin mediación
_bn
338 _2rdacarrier
_avolumen
_bnc
490 _aJoyas del milenio
_v2
590 _aInventariado, 2023/MFF
650 4 _aNovela rusa
_94742
650 4 _aLiteratura rusa
_94743
910 _aValidado. Control de calidad MFF
942 _2ddc
_cLBS1
999 _c19626
_d19626